02625cam a2200457 i 45000010011000000030004000110050017000150080041000320200018000730200015000910400032001060430038001380500013001760820042001890820037002310820036002680910014003041000034003182450150003522640048005023000040005503360027005903370033006173380027006504900022006775040063006995200721007625210034014836000029015176000034015466100070015806100035016506500082016856500096017676500060018636550049019236550023019729420019019959990017020149520136020310006876618OSt20260627095443.0221019s2023 quca j b 000 0bfre  a9782897097738 a2897097736 aQMBNbfreerdacQMBNdQMBND an-cn-quan-cn-qubn-cn-qf2cagraq 4aGV848.5*04aJ 927.969 S145gbS145g223/fre/20230304a796.962092bS145g223/fre/20230305a927.96962bS145g223/fre/2023040 a927.969621 aGodin, Joanie,d1984-eauteur10aMartin St-Louis /cJoanie Godin ; idě originale de Rǰean Tremblay et Louise Gaudreault ; illustrations intřieures : Marie-Anne C. Duplessis 1a[Blainville, Qub̌ec] :bBoomerang,c[2023] a248 pages :billustrations ;c23 cm atextebtxt2rdacontent asans mďiationbn2rdamedia avolumebnc2rdacarrier0 aRaconte-moi ;v55 aComprend des rf̌řences bibliographiques (pages 247-248) aToute sa vie, Martin St-Louis s’est fait dire qu’il était trop petit pour jouer au hockey. Aucune équipe ne l’a repêché, mais il s’est accroché au conseil que sa maman lui répétait toujours, soit : « Montre-leur ce que tu es capable de faire ! » et il a donc redoublé d’efforts pour réaliser son rêve. Au moment d’accrocher ses patins, ses statistiques sont éloquentes : plus de 1000 matchs joués dans la LNH, une coupe Stanley, une médaille d’or olympique, l’or à la Coupe du monde de hockey et une tonne de trophées. Pas si mal ! Comme si ce n’était pas assez, Martin a maintenant la chance de partager son expérience en dirigeant les Canadiens de Montréal ! aPour enfants de 8 ans et plus16aSt-Louis, Martin,d1975-17aSt-Louis, Martin,d1975-2vmj26aLigue nationale de hockeyvBiographiesvOuvrages pour la jeunesse27aLigue nationale de hockey2vmj 6aJoueurs de hockeyzQub̌ec (Province)vBiographiesvOuvrages pour la jeunesse 6aHockeyxEntran̋eurszQub̌ec (Province)zMontrǎlvBiographiesvOuvrages pour la jeunesse 7aJoueurs de hockeyzQub̌ec (Province)vBiographies2vmj 7aLivres documentaires pour la jeunesse2rvmgf 7aBiographies2rvmgf 2ddccDOC JEUNE c18908d18908 00102ddc4070aHENRYVILLEbHENRYVILLEd2026-06-27l0oJ 927.969 S145gp30001030039319r2026-06-27 09:55:12w2026-06-27yDOC JEUNE